MDQL
is popping MORE tags! Check the
thread
!
Quizzes
Events
Quiz Creation
Community
Videos
Private Events
Remove Ads
Sign In
Join for FREE
Feedback
Dark Mode
Quiz Categories
Sports
Geography
Music
Movies
Television
Just For Fun
Miscellaneous
History
Literature
Language
Science
Gaming
Entertainment
Religion
Holiday
For Kids
Quiz Lab
Recent
Popular Today
Quiz Kudos Today
Editor Picks
Curator Picks
Quizzes by...
Day
Popularity
Type
Ratings
Length
Year
Community
Subscriptions
Recent Discussions
Orange Saloon
Badges
Playlists
Quests
Create
Leaderboards
Showdown
Live 5
Trivia Bingo
Activity
Puzzle Library
Sporcle Events
Private Events
Virtual Trivia
Globe League
Become a Host
Pub Owners
SporcleCon
Opinionation
Our Games
Videos
Blog
Mobile Apps
Partnerships
Remove Ads and Go Orange
Feedback
Sports
Athletes
MLB
NBA
NHL
NFL
Soccer
Sports Teams
WWE
NCAA
Football
Premier League
Basketball
Baseball
Hockey
Golf
Tennis
Cricket
Rugby
Auto Racing
Olympics
World Cup
Sports
Athletes
MLB
NBA
NHL
NFL
Soccer
Sports Teams
WWE
NCAA
Football
Premier League
Basketball
Baseball
Hockey
Golf
Tennis
Cricket
Rugby
Auto Racing
Olympics
World Cup
Random Quiz
Search Sporcle
×
Quiz Lab
Quiz Lab
Sports
College
Type in answers that appear in a list
Type in answers that appear in a list
Classic
Best Score? Go Orange.
Big City College Basketball Stats
Can you name the Div 1 Basketball teams in each city?
By
BiloxiSean
6m
37 Questions
4,537 Plays
4,537 Plays
4,537 Plays
Comments
Comments
Give Quiz Kudos
Give Quiz Kudos
-
- Ratings
hide this ad
Replay
Link that replays current quiz
Next Quiz
Link to next quiz in quiz playlist
You Got
0%
They Got
Avg Score
42%
Avg Friend Score
Upgrade to see
Score Distribution
Jump to the score distribution portion of the page
Score
0/37
Timer
06:00
0
Plays Today
City
College
% Correct
Los Angeles
University of California at Los Angeles Bruins
85.5%
Los Angeles
University of Southern California Trojans
83.4%
New York City -
Queens
St. John's University Red Storm
81.5%
Washington, DC
Georgetown University Hoyas
79.6%
New York City -
Manhattan
Columbia University Lions
78.1%
Philadelphia
University of Pennsylvania Quakers
74.9%
Philadelphia
Temple University Owls
69.7%
Chicago
DePaul University Blue Demons
69.5%
Houston
University of Houston Cougars
60.5%
Washington, DC
George Washington University Colonials
58.5%
Boston
Boston University Terriers
58.3%
Philadelphia
St. Joseph's University Hawks
55.2%
Washington, DC
American University Eagles
47.7%
Chicago
Loyola University Chicago Ramblers
45.2%
Nashville
Vanderbilt University Commodores
44.5%
New York City -
Bronx
Fordham University Rams
44.2%
New York City -
Bronx
Manhattan College Jaspers
42.8%
Philadelphia
Drexel University Dragons
42%
Houston
Rice University Owls
39.7%
City
College
% Correct
Philadelphia
LaSalle University Explorers
38.4%
Baltimore
Loyola University Maryland Greyhounds
37.2%
Chicago
University of Illinois Chicago Flames
36.2%
Boston
Northeastern University Huskies
35.6%
New York City -
Brooklyn
Long Island University Brooklyn Blackbirds
30.7%
Chicago
Chicago State University Cougars
27.3%
Washington, DC
Howard University Bison
27.3%
Nashville
Belmont University Bruins
24.3%
Los Angeles
Loyola Marymount University Lions
20.3%
New York City -
Staten Island
Wagner College Seahawks
17.7%
New York City -
Brooklyn
St. Francis College Terriers
15.7%
Nashville
Tennessee State University Tigers
15.1%
Houston
Houston Baptist University Huskies
12.7%
Houston
Texas Southern University Tigers
12.6%
Baltimore
Morgan State University Bears
11.6%
Baltimore
Coppin State University Eagles
11.5%
Nashville
Lipscomb University Bison
10.8%
Los Angeles
California State University at Northridge Matadors
7.4%
Quiz Playlist
Details
Report
Send in Message
Add To Playlist
Classic:
Type in answers that appear in a list
Quiz Source
Last Updated: Feb 16, 2017
Quiz Scoreboard
CHALLENGE
Sign Up to Join the Scoreboard
Show All
Scores
Hide
Comments
May contain spoilers
Recently Published
Colored Red Africa Blitz
by spor1
Geography
30s
Find the 'City' Movie
by crazypaving
Movies
60s
5x2 Blitz: Bands
by SL_Kpop136
Music
30s
More to Explore
Quiz From the Vault
Featured Blog Post
14 Easter Pick-up Lines to Find Eggs With
hide this ad
You Might Also Like...
Tags
Basketball Quiz
City Quiz
College Quiz
Conference
Division
Division I
team
Today's Top Quizzes in Sports
Browse Sports
hide this ad
Today's Top Quizzes in College
Browse College
Top Contributed Quizzes in Sports
1
Les entraîneurs de l'OM et du PSG au 21e siècle
2
Les meilleurs buteurs des matchs entre le PSG et l’OM
3
Players with Multiple 50 Home Run Seasons
4
2022 World Cup Stars
5
Les joueurs passés par le PSG et l'OM
6
NBA Logic Puzzle 2.0
7
Criteria MLB: Left Handed Sluggers
8
MLB Players with Two .350 Batting Average Seasons
9
Top 10 NHL Goal Scorers of All Time
10
Who Hit More Homers?
Explore More
Trending Topics
Crossword
Harry Potter
Anime
NBA
Marvel
Kpop
Disney
Puzzle
WWE
Pokémon
NFL
Country
Soccer
The Office
Song
hide this ad
More By:
BiloxiSean
Quiz
Plays
Rating
Category
Featured
Created
State Capital + Pro Team
355,715
4.22
Sports
Jan 27, 2010
One Team Premier League Goalscorers
177,535
4.41
Sports
Dec 20, 2012
Oscar Role by Occupation
68,167
4.12
Movies
Jun 19, 2010
NBA 10 Assists per Game (Season)
57,610
4.61
Sports
May 19, 2011
NFL Coaches: 100 Wins, One Team
49,851
4.60
Sports
Jan 25, 2011
Go to Creator's Profile
Score Distribution
Quiz Creator Spotlight
BiloxiSean
Follow
Send a Message
Quizzes Created
-
Created Quiz Play Count
-
More By This Creator
Popular Quizzes Today
1
Colored Red Africa Blitz
2
Find the 'City' Movie
3
5x2 Blitz: Bands
4
Find the US States - No Outlines Minefield
5
The Countries of the World
6
Find the US States
7
US States
8
Find the Countries of Europe - No Outlines Minefield
More Sports Quizzes
Braves Yearly Top 5 HR's
Quiz Lab
Trending Quizzes
Colored Red Europe Blitz I
Colored Red Europe Blitz II
Colored Red Africa Blitz II
Colored Red Europe Blitz III
Colored Red Africa Blitz III
Recently Updated
How Do You Spell That?
pecheneg
Godzilla Movies
pecheneg
Grab Bag: 4-10 Letters
pecheneg
2024 March Madness Bracket
pecheneg
Famous TV Couples
Peacemaker
Champions League XIs: Real Madrid
pecheneg
Largest US Cities 1790-2010
pecheneg
Rides in Walt Disney World
pecheneg
Most Oscar Losses (Acting)
pecheneg
Beyoncé Albums
pecheneg
Trending Topics
Disney
NBA
Harry Potter
Kpop
Marvel
Anime
Crossword
Pokémon
NFL
Song
Country
Puzzle
WWE
Soccer
The Office
Your Account Isn't Verified!
In order to create a playlist on Sporcle, you need to verify the email address you used during registration. Go to your
Sporcle Settings
to finish the process.
Report this User
Report this user for behavior that violates our
Community Guidelines
.
Details:
Send Report
Go to the Sporcle.com Mobile Site →
Comments